LEADER 01976oam 2200505M 450 001 9910716366603321 005 20200213070559.3 035 $a(CKB)5470000002520468 035 $a(OCoLC)1065920000 035 $a(OCoLC)995470000002520468 035 $a(EXLCZ)995470000002520468 100 $a20071213d1926 ua 0 101 0 $aeng 135 $aurcn||||||||| 181 $ctxt$2rdacontent 182 $cc$2rdamedia 183 $acr$2rdacarrier 200 10$aTo authorize certain alterations to the six coal-burning battleships to provide better arrangements for airplanes. May 17 (calendar day, May 18), 1926. -- Ordered to be printed 210 1$a[Washington, D.C.] :$c[U.S. Government Printing Office],$d1926. 215 $a1 online resource (2 pages) 225 1 $aSenate report / 69th Congress, 1st session. Senate ;$vno. 847 225 1 $a[United States congressional serial set ] ;$v[serial no. 8526] 300 $aBatch processed record: Metadata reviewed, not verified. Some fields updated by batch processes. 300 $aFDLP item number not assigned. 517 $aTo authorize certain alterations to the six coal-burning battleships to provide better arrangements for airplanes. May 17 606 $aAir warfare 606 $aAircraft carriers 606 $aNaval aviation 606 $aShipbuilding 608 $aLegislative materials.$2lcgft 615 0$aAir warfare. 615 0$aAircraft carriers. 615 0$aNaval aviation. 615 0$aShipbuilding. 701 $aHale$b Frederick$f1874-1963$pRepublican (ME)$01386807 801 0$bWYU 801 1$bWYU 801 2$bOCLCO 801 2$bOCLCQ 801 2$bOCLCO 801 2$bOCLCQ 906 $aBOOK 912 $a9910716366603321 996 $aTo authorize certain alterations to the six coal-burning battleships to provide better arrangements for airplanes. May 17 (calendar day, May 18), 1926. -- Ordered to be printed$93466326 997 $aUNINA LEADER 01539nam0 22003011i 450 001 UON00297543 005 20231205103949.81 010 $a97-266-1179-2 100 $a20070619d2002 |0itac50 ba 101 $apor 102 $aPT 105 $a||||e ||||| 200 1 $aDicionário de literatura portuguesa, brasileira, galega, africana$eestilística literária, actualizaçao$fdirecçao Jacinto do Prado Coelho ... [et al.] 210 $aLisboa$cFigueirinhas$d2002 215 $a3 v.$d25 cm. Vol. 1.: A-D$dvol. 2.: E-O$dvol. 3.: P-Z. 606 $aBiografie$3UONC058042$2FI 606 $aLetteratura portoghese$xDizionari$3UONC058010$2FI 620 $aPT$dLisboa$3UONL003135 676 $a869.03$cLetteratura portoghese. Dizionari e concordanze$v21 702 1$aCOELHO$bJacinto : do Prado$3UONV111364 712 $aFigueirinhas$3UONV266609$4650 801 $aIT$bSOL$c20251010$gRICA 912 $aUON00297543 950 $aSIBA - SISTEMA BIBLIOTECARIO DI ATENEO$dSI S.C III BIO 003 b $eSI PO 343 7 003 b 950 $aSIBA - SISTEMA BIBLIOTECARIO DI ATENEO$dSI S.C III BIO 003 c $eSI PO 344/1 7 003 c 950 $aSIBA - SISTEMA BIBLIOTECARIO DI ATENEO$dSI S.C III BIO 003 a $eSI PO 342/1 7 003 a 996 $aDicionário de literatura portuguesa, brasileira, galega, africana$91251091 997 $aUNIOR